<?xml version="1.0" encoding="UTF-8"?>
<record
    xmlns:xsi="http://www.w3.org/2001/XMLSchema-instance"
    xsi:schemaLocation="http://www.loc.gov/MARC21/slim http://www.loc.gov/standards/marcxml/schema/MARC21slim.xsd"
    xmlns="http://www.loc.gov/MARC21/slim">

  <leader>00894nam a2200229   4500</leader>
  <controlfield tag="003">BD-RjUL</controlfield>
  <controlfield tag="005">20220706114100.0</controlfield>
  <controlfield tag="008">220706s1957    u  ||||| |||| 00| 0 ara d</controlfield>
  <datafield tag="035" ind1=" " ind2=" ">
    <subfield code="a">(BD-RjUL)</subfield>
  </datafield>
  <datafield tag="040" ind1=" " ind2=" ">
    <subfield code="a">BD-RjUL</subfield>
    <subfield code="b">eng</subfield>
    <subfield code="c">BD-RjUL</subfield>
  </datafield>
  <datafield tag="041" ind1=" " ind2=" ">
    <subfield code="a">ara</subfield>
  </datafield>
  <datafield tag="082" ind1=" " ind2=" ">
    <subfield code="2">23</subfield>
    <subfield code="a">892.73</subfield>
    <subfield code="b">KAW 1957</subfield>
  </datafield>
  <datafield tag="100" ind1=" " ind2=" ">
    <subfield code="a">Crane, Steve  = &#x643;&#x631;&#x627;&#x646;, &#x633;&#x62A;&#x64A;&#x641;</subfield>
    <subfield code="d">1871-1900</subfield>
    <subfield code="9">4032</subfield>
  </datafield>
  <datafield tag="245" ind1=" " ind2=" ">
    <subfield code="a"> &#x648;&#x634;&#x627;&#x62D; &#x627;&#x644;&#x634;&#x62C;&#x627;&#x639;&#x629; &#x627;&#x644;&#x627;&#x62D;&#x645;&#x631;   [washah alshujaeat alahmir] = The Red Badge of Courace /</subfield>
    <subfield code="c">[Stephen Crane =   &#x62A;&#x631;&#x62C;&#x645;&#x647; &#x645;&#x627;&#x647;&#x631; &#x646;&#x633;&#x64A;&#x645; ;;[Translated by Maher Naseem]  ; &#x633;&#x62A;&#x64A;&#x641;&#x646; &#x643;&#x631;&#x627;&#x646;</subfield>
  </datafield>
  <datafield tag="260" ind1=" " ind2=" ">
    <subfield code="a">NewYork:  = Misr:     </subfield>
    <subfield code="b">&#x634;&#x627;&#x631;&#x639; &#x636;&#x631;&#x64A;&#x62D; &#x633;&#x639;&#x62F; , </subfield>
    <subfield code="c">1957</subfield>
  </datafield>
  <datafield tag="300" ind1=" " ind2=" ">
    <subfield code="a">165 p. ;</subfield>
    <subfield code="c">21 cm. </subfield>
  </datafield>
  <datafield tag="650" ind1=" " ind2=" ">
    <subfield code="v">Arabic Fiction</subfield>
    <subfield code="9">1045</subfield>
  </datafield>
  <datafield tag="700" ind1=" " ind2=" ">
    <subfield code="a">[ nasim, mahir ]&#x646;&#x633;&#x64A;&#x645;,  &#x645;&#x627;&#x647;&#x631;</subfield>
    <subfield code="9">4033</subfield>
  </datafield>
  <datafield tag="700" ind1=" " ind2=" ">
    <subfield code="a">Abdur Rahman , Farid</subfield>
    <subfield code="9">4035</subfield>
  </datafield>
  <datafield tag="830" ind1=" " ind2=" ">
    <subfield code="a">Maktubat al Adubiat</subfield>
    <subfield code="v">Alhalqat raqim ; 1</subfield>
    <subfield code="9">4034</subfield>
  </datafield>
  <datafield tag="942" ind1=" " ind2=" ">
    <subfield code="2">ddc</subfield>
    <subfield code="c">BK</subfield>
  </datafield>
  <datafield tag="999" ind1=" " ind2=" ">
    <subfield code="c">80095</subfield>
    <subfield code="d">80095</subfield>
  </datafield>
  <datafield tag="952" ind1=" " ind2=" ">
    <subfield code="0">0</subfield>
    <subfield code="1">0</subfield>
    <subfield code="2">ddc</subfield>
    <subfield code="4">0</subfield>
    <subfield code="7">0</subfield>
    <subfield code="8">FIC</subfield>
    <subfield code="a">RUCL</subfield>
    <subfield code="b">RUCL</subfield>
    <subfield code="c">GEN</subfield>
    <subfield code="d">2022-07-06</subfield>
    <subfield code="l">0</subfield>
    <subfield code="o">A 892.73 KAW 1957</subfield>
    <subfield code="r">2022-07-06 00:00:00</subfield>
    <subfield code="t">C-2</subfield>
    <subfield code="w">2022-07-06</subfield>
    <subfield code="y">BK</subfield>
  </datafield>
</record>
